Estudos platonicos: sobre o ser e o aparecer; o belo e o bem
保存先:
| 第一著者: | |
|---|---|
| フォーマット: | 図書 |
| 言語: | ポルトガル語 スペイン語 |
| 出版事項: |
Sao Paulo
Edicoes Loyola
2009
|
| 主題: | |
| タグ: |
タグ追加
タグなし, このレコードへの初めてのタグを付けませんか!
|
MARC
| LEADER | 00000cam a2200000 a 4500 | ||
|---|---|---|---|
| 001 | UCF2859 | ||
| 003 | CL-VaPUC | ||
| 008 | 120910e20090000BL |||||||||||||||||por|d | ||
| 020 | |a 9788515036523 | ||
| 041 | 0 | 7 | |a por |2 CL-VaPUC |
| 041 | 0 | 7 | |a spa |2 CL-VaPUC |
| 082 | 0 | 4 | |a 184 |b PER |2 21 |
| 100 | 0 | |a Perine, Marcelo |e author |9 564693 | |
| 245 | 1 | 0 | |a Estudos platonicos: sobre o ser e o aparecer; o belo e o bem |
| 300 | |a 230 p | ||
| 942 | |c BK | ||
| 945 | |d 20120910 00:00:00 |a dcastane | ||
| 260 | |a Sao Paulo |b Edicoes Loyola |c 2009 | ||
| 650 | 0 | |a Filosofía antigua |9 255705 | |
| 650 | 0 | |a Filosofía griega |9 265579 | |
| 650 | 0 | |a Platonismo |9 265673 | |
| 650 | 0 | |a Ontología |9 256850 | |
| 583 | |a last modification |c 20120910 11:39:00 |k Rodrigo Vera | ||
| 999 | |c 349397 |d 349395 | ||
| 952 | |0 0 |1 0 |4 0 |6 184_000000000000000_PER_2009 |7 0 |8 A |9 452006 |a BIBEDU |b BIBEDU |d 2019-11-22 |i 4902521 |o 184 PER 2009 |p 4902521 |r 2019-11-22 |w 2019-11-22 |y BK |k FIL | ||